A Guide to everyday economic statistics / (Record no. 353)

MARC details
000 -LEADER
fixed length control field 00845nam a22001937a 4500
008 - FIXED-LENGTH DATA ELEMENTS--GENERAL INFORMATION
fixed length control field 111212t xxu||||| |||| 00| 0 eng d
020 ## - INTERNATIONAL STANDARD BOOK NUMBER
International Standard Book Number 0072430362
050 ## - LIBRARY OF CONGRESS CALL NUMBER
Classification number HB173.C51
100 ## - MAIN ENTRY--PERSONAL NAME
Personal name Clayton, Gary E.
245 ## - TITLE STATEMENT
Title A Guide to everyday economic statistics /
Statement of responsibility, etc. Gary E. Clayton and Martin Gerhard Giesbrecht.
250 ## - EDITION STATEMENT
Edition statement 5th ed.
260 ## - PUBLICATION, DISTRIBUTION, ETC.
Place of publication, distribution, etc. Boston:
Name of publisher, distributor, etc. McGraw-Hill,
Date of publication, distribution, etc. c2001.
300 ## - PHYSICAL DESCRIPTION
Extent 152 p.:
Other physical details ill.
Dimensions 23cm.
500 ## - GENERAL NOTE
General note Includes index.
505 ## - FORMATTED CONTENTS NOTE
Formatted contents note Contents: Introduction -- Total output, production, and growth -- Investment and capital expenditures -- Employment, earnings, and profits -- Spending, sales, and expectations -- Prices, money, and interest rates -- Financial markets, international trade, and foreign exchange.
650 ## - SUBJECT ADDED ENTRY--TOPICAL TERM
Topical term or geographic name entry element Economics - Statistical method
700 ## - ADDED ENTRY--PERSONAL NAME
Personal name Giesbrecht, Martin Gerhard.
942 ## - ADDED ENTRY ELEMENTS (KOHA)
Source of classification or shelving scheme Library of Congress Classification
Koha item type Books
Holdings
Withdrawn status Lost status Source of classification or shelving scheme Damaged status Not for loan Home library Current library Shelving location Date acquired Total Checkouts Full call number Barcode Date last seen Copy number Price effective from Koha item type
    Library of Congress Classification     WISCONSIN INTERNATIONAL UNIVERSITY COLLEGE, GHANA - MAIN LIBRARY WISCONSIN INTERNATIONAL UNIVERSITY COLLEGE, GHANA - MAIN LIBRARY General Stacks 12/12/2011   HB173.C51 969/11 12/12/2011 1 12/12/2011 Books
    Library of Congress Classification     WISCONSIN INTERNATIONAL UNIVERSITY COLLEGE, GHANA - MAIN LIBRARY WISCONSIN INTERNATIONAL UNIVERSITY COLLEGE, GHANA - MAIN LIBRARY General Stacks 12/12/2011   HB173.C511 970/11 12/12/2011 2 12/12/2011 Books

If you have any concerns or questions; kindly contact the library


© Powered by WIUC ICT DIRECTORATE